| 000 | 00719cam a22002291 4500 | ||
|---|---|---|---|
| 001 | sa 66004580 | ||
| 003 | DLC | ||
| 005 | 20260227112243.0 | ||
| 008 | 761202s1956 io 000 0 ind | ||
| 010 | _asa 66004580 | ||
| 035 | _a(OCoLC)2591513 | ||
| 040 |
_aDLC _cIDeKN _dOCoLC _dDLC |
||
| 042 | _apremarc | ||
| 050 | 0 | 0 |
_aUA853.I5 _bS53 |
| 100 | 1 |
_aSimatupang, T. B. _q(Tahi Bonar), _d1920- |
|
| 245 | 1 | 0 | _aSoal-soal politik militer di Indonesia. |
| 260 |
_a[Djakarta] _bGaya Raya, _c1956. |
||
| 300 |
_a136 p. _billus., ports. _c20 cm. |
||
| 500 | _a"Undang-undang no. 29 tahun 1954": p. 132-135. | ||
| 651 | 0 |
_aIndonesia _xDefenses. |
|
| 710 | 1 |
_aIndonesia. _kLaws, statutes, etc. _gUndang-undang no. 29 tahun 1954. |
|
| 999 |
_c69501 _d69501 |
||